期刊信息 |
| 索取号 |
C5/ZZHSH
|
| 题名 |
枣庄师专学报
|
| 作者 |
枣庄师专学报
|
| 分册号 |
|
| 分册名 |
|
| 出版地 |
枣庄(山东)
|
| 出版者 |
该刊编辑部
|
| 标准刊号 |
|
| 出版频率 |
季刊
|
| 中图法分类 |
G65
|
| 主题词 |
社会科学 丛书; 社会科学 文集; 社会科学 连续出版物
|
| 电子资源 | |
| |
|
| 000 | 01288nas002200373 45 | |
| 001 | 1196061244 | |
| 005 | 20070417092027.54 | |
| 011 | @d¥1.80(1990) | |
| 091 | @aCN@b37-1081 | |
| 100 | @a19930617a19849999km y0chiy0121 eb | |
| 101 | 0 | @achi |
| 102 | @aCN@b370000 | |
| 110 | @aahaz 0yu0 | |
| 200 | 1 | @a枣庄师专学报@AZAO ZHUANG SHI ZHUAN XUE BAO@f枣庄师专学报@FZao Zhuang Shi Zhuan Xue Bao@i社会科学版@ISHE HUI KE XUE BAN@dJournal of Zaozhuang Teacher's College@zeng |
| 207 | 0 | @a创刊号(1984,7)~=总1~ |
| 210 | @a枣庄(山东)@b山东省枣庄市(邮码277160)@c该刊编辑部@d1984~ | |
| 215 | @d26cm | |
| 300 | @a沈鹏题写刊名 | |
| 315 | @a本刊社科版为单期号,自然科学版与社科版在期号上交替出版。 | |
| 326 | @a季刊 | |
| 327 | 0 | @a魏晋南北朝山水诗三题@a论墨子的音乐美学思想 |
| 510 | 1 | @aJournal of Zaozhuang Teacher's College@iSocial science edition@zeng |
| 540 | 1 | @a枣庄 师专 学报 社会科学@AZAO ZHUANG SHI ZHUAN XUE BAO SHE HUI KE XUE |
| 606 | 0 | @a社会科学@x丛书 |
| 606 | 0 | @a社会科学@x文集 |
| 606 | 0 | @a社会科学@x连续出版物 |
| 676 | @a300@v19 | |
| 690 | @aG65@v3 | |
| 690 | @aC@v3 | |
| 690 | @aC5@v4 | |
| 701 | 0 | @a朱思勤@AZHU SI QIN@4主编 |
| 701 | 0 | @a枣庄师专学报@AZao Zhuang Shi Zhuan Xue Bao |
| 801 | 0 | @aCN@bPFT@c20070417 |
| 905 | @a1@cQ@dC5@eZZHSH | |
| 枣庄师专学报/枣庄师专学报.社会科学版=Journal of Zaozhuang Teacher's College.-创刊号(1984,7)~=总1~.-枣庄(山东)(山东省枣庄市(邮码277160)):该刊编辑部,1984~ |
| 26cm |
| 沈鹏题写刊名 |
| 部分内容:魏晋南北朝山水诗三题;论墨子的音乐美学思想 |
| ¥1.80(1990) |
| ● |
| 相关链接: |
|
|
|
|